| 000 | 00811cam a22002413a 4500 | ||
|---|---|---|---|
| 001 | 13989 | ||
| 003 | PGUSA | ||
| 005 | 20140828083311.0 | ||
| 008 | 041109s2004||||xxu|||||s|||||000 | eng d | ||
| 040 |
_aPGUSA _beng |
||
| 042 | _adc | ||
| 050 | 4 | _aE300 | |
| 100 | 1 |
_aChild, Lydia Maria, _d1802-1880 |
|
| 245 | 1 | 4 |
_aThe Duty of Disobedience to the Fugitive Slave Act : _bAn Appeal To The Legislators Of Massachusetts, Anti-Slavery Tracts No. 9 _h[electronic resource] / _cLydia Maria Child |
| 260 |
_bProject Gutenberg, _c2004 |
||
| 506 | _aPublic domain in the USA. | ||
| 516 | _aElectronic text | ||
| 653 | _aFugitive slaves -- United States | ||
| 653 | _aUnited States. Fugitive slave law (1850) | ||
| 830 | 0 |
_aProject Gutenberg _v13989 |
|
| 856 | 4 | 0 | _uhttp://www.gutenberg.org/ebooks/13989 |
| 942 | _cEB | ||
| 999 |
_c243244 _d243244 |
||